000 00457pab a2200169 454500
008 180718b2003 xxu||||| |||| 00| 0 eng d
100 _aGrigsby, William
245 _aTrying to understand low-income housing subsidies: lessons from the United States
260 _c2003
300 _ap.973-92.
362 _aMay
650 _aHousing - United States
650 _aHousing
700 _aBourassa, Steven C.
773 _aUrban Studies
909 _a56914
999 _c56914
_d56914